| 000 | 02273cam a22004814i 4500 | ||
|---|---|---|---|
| 003 | PE-LiUPU | ||
| 005 | 20250731172915.0 | ||
| 008 | 150617s r 000 0 d | ||
| 035 | _a(Sirsi) a18890 | ||
| 040 |
_aPE-LiUPU _bspa _cPE-LiUPU _erda |
||
| 049 | _aPRUA | ||
| 082 | 0 | 4 |
_a253.7 _bV57 _221 |
| 100 | 1 |
_aVeitía, Emilio, _eautor. |
|
| 245 | 1 | 0 |
_aOs Haré Pescadores / _cEmilio Veitía. |
| 264 | 1 |
_aMiami : _bLogoi, _c1977. |
|
| 300 |
_a256 páginas ; _c18 cm |
||
| 336 |
_atext _2rdacontent |
||
| 337 |
_aunmediated _2rdamedia |
||
| 338 |
_avolume _2rdacarrier |
||
| 505 | 0 | _a¿Qué es el evangelismo? -- Jesús, maestro incomparable de trabajo personal -- Jesús nos indica el camino -- Los primeros discípulos y el trabajo personal -- La autoridad de las escrituras -- Necesidad del evangelismo personal -- El evangelismo personal en la escuela bíblica -- El evangelismo personal en los hogares -- Cómo hacer contactos evangelísticos -- El conocimiento de la Biblia -- Como usar la Biblia -- Trabajo personal durante los cultos -- Diferentes clases de personas -- El ejemplo personal -- Advertencias -- Las escrituras frente a las excusas -- Cómo llevar a una decisíon -- La recompensa es legítima. | |
| 526 | _aSEG42 | ||
| 526 | _aSEG41 | ||
| 526 | _aSEG40 | ||
| 526 | _aSEG39 | ||
| 526 | _aP94 | ||
| 526 | _aP87 | ||
| 526 | _aP86 | ||
| 526 | _aP85 | ||
| 526 | _aP77 | ||
| 526 | _aP76 | ||
| 526 | _aP35 | ||
| 650 | 0 | 4 | _aPredicación apostólica. |
| 910 |
_ajck _bjvq _cjck _d20150616 |
||
| 942 |
_2ddc _cBOOK |
||
| 949 |
_a253.7 V57 _wDEWEY _c1 _i17159 _lCCODEBUL1 _mBUL _p00.00 _r0 _sY _tBOOK _u19781120 _xTEOLOGIA _PP35 _0COMPRA _o.STAFF. Colección General |
||
| 949 |
_a253.7 V57 _wDEWEY _c2 _i16348 _lCCODEBUL1 _mBUL _p00.00 _r0 _sY _tBOOK _u19781120 _xTEOLOGIA _PP35 _0COMPRA _o.STAFF. Colección General |
||
| 994 |
_aC0 _bPEPRU |
||
| 596 | _a1 | ||
| 999 |
_a253.7 V57 _wDEWEY _c18632 _i17159 _f2021-11-12 _g5 _lCCODEBUL1 _mBUL _r0 _sY _tBOOK _u2015-6-17 _xTEOLOGIA _PP35 _0COMPRA _o.STAFF. Colección General _d18632 |
||
| 999 |
_a253.7 V57 _wDEWEY _c2 _i16348 _d2018-7-2 _f2021-11-12 _g5 _lCCODEBUL1 _mBUL _q1 _r0 _sY _tBOOK _u2015-6-17 _xTEOLOGIA _PP35 _0COMPRA _o.STAFF. Colección General |
||
| 980 |
_81 _gALBERTO SANCHEZ Responsable de Automatización |
||